00912 2200193 4500245005600000020002300056250001100079100001400090700001800104700001800122650001700140005001900157260003300176041001400209084001100223300002300234500045200257336000900709 aLast Love Story of Walden BrotherscRang, KimhText a978-602-5-2547-4-1 aCet. 1 aRang, Kim aDimitri Dairi aSelsa Chintya aNovel Remaja a20241213100245 aJakartabPenerbit Haruc2018 aIndonesia a808.83 a320 hlm. :c20 cm. aDongwooAku memang baru saja mencampakkan kekasihku meskipun kami sudah menjalin hubungan selama limat tahun. Namun, aku punya alasan. Aku jatuh cinta pada Ji Ye Eun, bahkan sejak pertama kali aku melihatnya. Kutenkankan... aku mencintainya... dan aku bukan palyboy.Ye EunBagaimana mungkin dia bilang dia mencintaiku? Kami baru bertemu beberapa menit yang lalu! Hatiku sudah banyak sekali disakiti, aku tidak bisa semudah itu membuka hati untuknya. atext